000 00574nam a2200193 a 4500
001 000039979
005 20201002033838.0
008 130801s2006 sp 000 0 spa d
020 _a8484412229
040 _aDO-SdBNP
_bspa
_cBNPHU
082 _axxx
100 1 _aColfer, Eoín
_966201
240 1 0 _aArtemis Fowl. The eternity code
_lespañol
245 1 0 _aArtemis fowl :
_bEl cubo B /
_cEoín Colfer ; traducción Ana Alcaina.
250 _a4a ed
260 _aBarcelona, España :
_bMontena,
_c2006.
300 _a342 p. ;
_c23 cm.
700 1 _aAlcaina, Ana,
_etr.
_966202
999 _c39469
_d39469